000 01661cam a22004454i 4500
003 PE-LiUPU
005 20250731172815.0
008 150617s r 000 0 d
035 _a(Sirsi) a13800
040 _aPE-LiUPU
_bspa
_cPE-LiUPU
_erda
049 _aPRUA
082 0 4 _a229.918
_bB85
_221
100 1 _aBruce, F. F.,
_eautor.
245 1 0 _aSecond thoughts on the dead sea scrolls /
_cF. F. Bruce.
264 1 _aMichigan :
_bEerdmans,
_c1977.
300 _a166 páginas ;
_c21 cm
336 _atext
_2rdacontent
337 _aunmediated
_2rdamedia
338 _avolume
_2rdacarrier
505 0 _aThe first discoveries. -Later discoveries. -Wadi murabba'at and khirbet mird. -Dating the finds. -Khirbet Qumran. -The scrolls and the old testament. -Biblical interpretation. -The messianic hope. -The teacher of righteousness and his enemies. -The Qumran community. -Qumran and the essenes. -Qumran and chistianity.
526 _aSEG42
526 _aSEG41
526 _aSEG40
526 _aSEG39
526 _aP94
526 _aP87
526 _aP86
526 _aP85
526 _aP77
526 _aP76
526 _aP35
650 0 4 _aManuscritos del mar Muerto.
910 _ajck
_bjvq
_cjck
_d20150616
942 _2ddc
_cBOOK
949 _a229.918 B85
_wDEWEY
_c1
_i18432
_lCCODEBUL1
_mBUL
_p00.00
_r0
_sY
_tBOOK
_u19801219
_xTEOLOGIA
_PP35
_0COMPRA
_o.STAFF. Colección General
994 _aC0
_bPEPRU
596 _a1
999 _a229.918 B85
_wDEWEY
_c4208
_i18432
_f2021-11-11
_g5
_lCCODEBUL1
_mBUL
_r0
_sY
_tBOOK
_u2015-6-17
_xTEOLOGIA
_PP35
_0COMPRA
_o.STAFF. Colección General
_d4208
980 _81
_gALBERTO SANCHEZ Responsable de Automatización